LEADER 01854nas 2200505-a 450 001 996216397403316 005 20240413025043.0 011 $a2271-2879 035 $a(DE-599)ZDB2414745-X 035 $a(CKB)991042723420792 035 $a(CONSER)--2002204404 035 $a(EXLCZ)99991042723420792 100 $a20020727b19542007 -a- - 101 0 $afre 181 $ctxt$2rdacontent 182 $cc$2rdamedia 183 $acr$2rdacarrier 200 10$aBulletin des arrêts de la Cour de cassation 210 $aParis $cImpr. nationale$d1954-2007 215 $a1 online resource 300 $aTitle from cover. 300 $aStarting from 2008 this title will be freely available in an online version only. 300 $aOn cover: Journal officiel de la République française, <1999-> 300 $aPublisher: Impr. des journaux officiels, <1999-> 311 08$aPrint version: Bulletin des arrêts de la Cour de cassation. 0298-7538 (DLC) 2002204404 (OCoLC)50252270 517 1 $aBulletin des arrêts. 531 $aBULL. ARRêTS COUR CASSAT., CHAMB. CRIM. 531 $aCHAMBRE CRIMINELLE 606 $aCriminal law$zFrance$vDigests 606 $aCriminal procedure$zFrance$vDigests 606 $aCriminal law$2fast$3(OCoLC)fst00883328 606 $aCriminal procedure$2fast$3(OCoLC)fst00883421 607 $aFrance$2fast$1https://id.oclc.org/worldcat/entity/E39PBJd8gD4vdtqQMdQHvYqbBP 608 $aCourt decisions and opinions.$2fast 608 $aCourt decisions and opinions.$2lcgft 608 $aDigests.$2fast 615 0$aCriminal law 615 0$aCriminal procedure 615 7$aCriminal law. 615 7$aCriminal procedure. 906 $aJOURNAL 912 $a996216397403316 920 $aexl_impl conversion 996 $aBulletin des arrêts de la Cour de cassation$92029541 997 $aUNISA LEADER 03182nam 2200565 a 450 001 9910437802203321 005 20200520144314.0 010 $a1-283-69782-3 010 $a4-431-54061-X 024 7 $a10.1007/978-4-431-54061-8 035 $a(CKB)2670000000280038 035 $a(EBL)1030254 035 $a(OCoLC)813296748 035 $a(SSID)ssj0000767028 035 $a(PQKBManifestationID)11478192 035 $a(PQKBTitleCode)TC0000767028 035 $a(PQKBWorkID)10731264 035 $a(PQKB)10908315 035 $a(DE-He213)978-4-431-54061-8 035 $a(MiAaPQ)EBC1030254 035 $a(PPN)168332310 035 $a(EXLCZ)992670000000280038 100 $a20120823d2013 uy 0 101 0 $aeng 135 $aur|n|---||||| 181 $ctxt 182 $cc 183 $acr 200 10$aFormulas, ingredients and production of cosmetics $etechnology of skin- and hair-care products in Japan /$fHiroshi Iwata, Kunio Shimada 205 $a1st ed. 2013. 210 $aNew York $cSpringer$d2013 215 $a1 online resource (229 p.) 300 $aDescription based upon print version of record. 311 $a4-431-54669-3 311 $a4-431-54060-1 327 $apt. 1. Ingredients and productions of cosmetics -- pt. 2. Formulas and productions of cosmetics. 330 $aToday, young cosmetics researchers who have completed their graduate studies and have entered a cosmetics company are put through several years of training before they become qualified to design cosmetics formulations themselves. They are trained so that they can design formulas not by a process of logic but by heart, like craftsmen, chefs, or carpenters. This kind of training seems a terrible waste of labor and time. To address this issue and allow young scientists to design novel cosmetics formulations, effectively bringing greater diversity of innovation to the industry, this book provides a key set of skills and the knowledge necessary for such pursuits. The volume provides the comprehensive knowledge and instruction necessary for researchers to design and create cosmetics products. The book?s chapters cover a comprehensive list of topics, which include, among others, the basics of cosmetics, such as the raw materials of cosmetics and their application; practical techniques and technologies for designing and manufacturing cosmetics, as well as theoretical knowledge; emulsification; sensory evaluations of cosmetic ingredients; and how to create products such as soap-based cleansers, shampoos, conditioners, creams, and others. The potential for innovation is great in Japan?s cosmetics industry. This book expresses the hope that the high level of dedicated research continues and proliferates, especially among those who are innovators at heart. 606 $aCosmetics 615 0$aCosmetics. 676 $a668.5 676 $a668.55 700 $aIwata$b Hiroshi$01059106 701 $aShimada$b Kunio$01339495 801 0$bMiAaPQ 801 1$bMiAaPQ 801 2$bMiAaPQ 906 $aBOOK 912 $a9910437802203321 996 $aFormulas, Ingredients and Production of Cosmetics$93060639 997 $aUNINA